000 01184nac a22003497a 4500
001 BR0805610
003 BR-BrBNA
005 20240105123646.0
008 230509b bl.|||m| |||| 00| 0 por d
040 _aBR-BrBNA
_bpor
_cBiblioteca Nacional de Agricultura
072 _aH20
090 _a0430 BR0805610
100 1 _aChitarra, L.G.
100 1 _aMeira, S.A.
100 1 _aMenezes, V.L.
110 1 _aEMBRAPA Algodão, Campina Grande, PB (Brasil)
_93546
245 1 _aControle químico da mancha de Ramulária de algodoeiro, causada por Ramulária areola, em função da idade da planta e da severidade da doença -safra 2003/2004
260 3 _aCampina Grande, PB (Brasil):
_c2006.
300 _a19 p.
490 _aBoletim de Pesquisa e Desenvolvimento - EMBRAPA Algodão (Brazil)
_vno. 58
_xISSN 0103-0841
500 _aSummaries (En, Pt); 6 tables; 18 ref.
650 _aALGODÃO
650 _aDOENÇA DE PLANTA
650 _aMANCHA AUREOLADA
650 _aRAMULÁRIA AREOLA
650 _aFUNGO
650 _aPATÓGENO
650 _aCONTROLE QUÍMICO
650 _aFUNGICIDA
909 _a202312
_bLúcia Elande
_c55
_dLúcia Elande
942 _2AGRIS
_n0
_cMS
999 _c296422
_d296422